| 000 | 00409pab a2200157 454500 | ||
|---|---|---|---|
| 008 | 180718b2003 xxu||||| |||| 00| 0 eng d | ||
| 100 | _aArce, Moises | ||
| 245 | _aThe sustainability of economic reform in a most likely case | ||
| 260 | _c2003 | ||
| 300 | _ap.335-54. | ||
| 362 | _aApr | ||
| 650 | _aEconomic reform - Peru | ||
| 650 | _aEconomic reform | ||
| 773 | _aComparative Politics | ||
| 909 | _a56271 | ||
| 999 |
_c56271 _d56271 |
||